000 00812nam a2200205Ia 4500
003 GCL
008 140319s9999 xx 000 0 ara d
040 _aGCL /
_cGCL
082 0 4 _aق
_b962.1
_bم ا
100 1 _aمحمود صالح الفلكى (مترجم)
245 1 0 _aالاسكندرية القديمة كما اكتشفتها المؤلف باعمال الحفر وسبر الغور والمسح وطرق البحث الاخرى (هدية من الاديب عبد الفتاح الجمل) /
_cمحمود صالح الفلكى (مترجم)
700 1 _aمحمد عواد حسين (واخرون)
700 1 _aمحمود الفلكى
300 _a238 ص
490 _a
650 0 4 _aتاريخ
650 0 4 _aالمبانى التاريخية
650 0 4 _aالاسكندرية
942 _2ddc
_cBK
999 _c38228
_d38228